000 01222cam a22002774a 4500
001 11912030
003 OSt
005 20240618153731.0
008 000214s2001 gw ab b 001 0 eng
010 _a 00024396
020 _a3540631984 (alk. paper)
040 _aDLC
_cMUST
_dDLC
042 _apcc
082 0 0 _a520
_bPEC 2001
100 1 _aPecker, Jean Claude.
_917466
245 1 0 _aUnderstanding the heavens :
_bthirty centuries of astronomical ideas from ancient thinking to modern cosmology /
_cJean-Claude Pecker ; edited by Susan Kaufman.
260 _aBerlin ;
_aNew York :
_bSpringer,
_c2001.
300 _axiii, 597 p. :
_bill., maps ;
_c24 cm.
504 _aIncludes bibliographical references (p. [555]-558) and indexes.
650 0 _aAstronomy
_xHistory.
_917449
856 4 2 _3Publisher description
_uhttp://www.loc.gov/catdir/enhancements/fy0812/00024396-d.html
856 4 1 _3Table of contents only
_uhttp://www.loc.gov/catdir/enhancements/fy0812/00024396-t.html
906 _a7
_bcbc
_corignew
_d1
_eocip
_f20
_gy-gencatlg
942 _2ddc
_cO_SHELF
999 _c8620
_d8620